00481nam a22001457a 450000500170000002000180001708200170003510000270005224500470007926000500012630000170017694200120019399900190020595201110022420260625132205.0 a9781009400701 a327.09 BAR/B aBartelson, Jens917027 aBecoming International/cby Jens Bartelson a. - U Kb: Cambridge University Pressc, 2023 avi+281 pages 2ddccBK c761063d761063 00102ddc4070aPOLbPOLcGENd2026-02-03l0o327.09 BAR/BpPOL23897r2026-06-25 14:04:25w2026-06-25yBK